A first course in abstract algebra

Enregistré dans:
Détails bibliographiques
Auteur principal: Fraleigh, John B.
Format: Livre
Langue:Undetermined
Publié: New York Pearson 2003
Sujets:
Tags: Ajouter un tag
Pas de tags, Soyez le premier à ajouter un tag!
Thư viện lưu trữ: Trung tâm Học liệu Trường Đại học Cần Thơ
LEADER 00493nam a2200193Ia 4500
001 CTU_93411
008 210402s9999 xx 000 0 und d
020 |c 324000 
082 |a 512 
082 |b F812 
100 |a Fraleigh, John B. 
245 2 |a A first course in abstract algebra 
245 0 |c John B. Fraleigh 
260 |a New York 
260 |b Pearson 
260 |c 2003 
650 |a Algebra, abstract 
904 |i M.Loan 
980 |a Trung tâm Học liệu Trường Đại học Cần Thơ